00575nam a2200193 4500001001300000003000400013005001700017008004100034010001700075025002000092040001800112050002200130082001600152111005700168245004600225260006700271300002600338999001700364sa 68015854 DLC20260227112648.0700706s1966 ii c 100 0 eng  asa 68015854  aPL480:I-E-10538 aDLCcDLCdDLC00aTS200b.I66 1966l00a671.2/062/12 aInternational Foundry Congress,b33d,cDelhi,d1966.00aWho's who: participants, ladies, authors. aNew Delhi,bInternational Foundry Congress Secretariatc[1966] a51 p.bports.c24 cm. c86731d86731